Statistics for 100 Simpsons' Characters

Click here to take the quiz!

General Stats

  • This quiz has been taken 440 times
    (428 since last reset)
  • The average score is 67 of 100

Answer Stats

HintAnswer% Correct
Main CastHomer simpson
100%
Main CastBart
100%
Main CastLisa
100%
Main CastMaggie
100%
Main CastMarge Simpson
100%
NeighbourNed Flanders
97%
NPP Boss' AsstWaylon Smithers
96%
Nuclear Power Plant BossMr Burns
96%
Pet DogSanta's Little Helper
94%
Neighbour's youngest sonTodd
94%
Neigbour's eldest sonRod
94%
Bart's Best FriendMilhouse Van Houten
94%
Paternal GrampaAbraham
94%
Maternal AuntSelma
94%
TV ClownKrusty
93%
School PrincipalSeymour Skinner
93%
NPP EmployeeCarl Carlson
93%
NPP EmployeeLenny Leonard
92%
Pet CatSnowball II
92%
Ground's KeeperWillie
92%
Maternal AuntPatty
92%
School Bully Ring LeaderNelson Muntz
92%
Pub OwnerMoe
91%
School Bus DriverOtto Mann
91%
Neighbour's wifeMaude
90%
Channel 6 News AnchorKent Brockman
89%
Kwik E Mart OperatorApu
89%
Lisa's Class IdiotRalph Wiggum
89%
Bart's TeacherMs Krabappel
89%
TV Show CatScratchy
88%
TV Show MouseItchy
88%
Springfield Police ChiefClancy Wiggum
88%
Springfield MayorJoe Quimby
87%
Side Show 1Bob
87%
School SuperintendentChalmers
84%
Mascot for Duff BeerDuffman
84%
Bart's Class GeniusMartin Prince
84%
Mob BossFat Tony
83%
Side Show 2Mel
82%
Black Medical DoctorDr Hibbert
82%
Springfield School BullyJimbo Jones
82%
Homer's Best PalBarney Gumble
81%
Lisa's TeacherMs Hoover
80%
Springfield police officerLou
79%
Jailbird CriminalSnake
79%
Comic Store OwnerJeff Albertson
78%
Incompetent DoctorDr Nick Riveria
77%
School Twin sisters 1Terri
77%
School Twin sisters 2Sherri
76%
Comic Book SuperheroRadioactive Man
76%
Blues MusicianBleeding Gums Murphy
73%
Abe's rich sonHerbert Powell
72%
Lunch LadyDoris
71%
Mr Van HoutenKirk
71%
Principal's MotherAgnes Skinner
70%
Inventor ScientistProf Frink
70%
TV Show DogPoochie
69%
Pet ElephantStampy
66%
Paternal GranMona
65%
German Exchange StudentUter
65%
Mrs Van HoutenLuann
65%
Grampa's FriendJasper Beardly
62%
Restaurant OwnerLuigi
62%
Wife Kwik E MartManjula
60%
Channel 6 Helicopter ReporterArnie Pye
59%
Springfield School BullyKearney Zzyzwicz
59%
AttorneyLionel Hutz
58%
Springfield police officerEddie
56%
Springfield School BullyDolph Starbeam
55%
Three eyed-fishBlinky
54%
Fat PsychotherapistDr Marvin Monroe
53%
Military Antiques Shop OwnerHerman Hermann
51%
Police Chief's WifeSarah Wiggum
50%
Infatuated with MargeArtie Ziff
50%
Trained MonkeyMr Teeny
49%
Brother Kwik E MartSanjay
48%
Mob TightlipsJohnny
47%
Maternal GranJacqueline Bouvier
46%
Springfield HeroJebediah Springfield
46%
Dancing MaleDisco Stu
43%
Mob The SquealerFrankie
38%
One Eyedbrow BabyGerald
38%
TV Show HostTroy McClure
37%
Springfield School IT GeekKyle Database
37%
Lisa's Best FriendJaney Powell
36%
School Music TeacherMr Largo
36%
KBBL Radio Co-hostsBill & Marty
34%
RabbiHyman Krustofski
34%
MobsterLegs
31%
Mobster Curly HairLouie
26%
Black Doc's wifeBernice
25%
Sea CaptainCapt McCallister
24%
Springfield School Kid BortonWendell
23%
NPP Supervisor Sector 7GCharlie
22%
Lisa's RivalAllison Taylor
20%
Springfield BeautyMiss Springfield
14%
School PyschologistDr J Pryor
10%
Mrs Van Houten's BFChase
9%
Sunday School TeacherMs Albright
7%
KBBL Radio News AnchorBirch
4%

Score Distribution

Percentile by Number Answered

Percent of People with Each Score

Your Score History

You have not taken this quiz since the last reset